000 00950cam a2200289 i 4500
001 1335817
003 OSt
005 20150429161356.0
008 791011s1980 nyua b 001 0 eng
010 _a 79004344
020 _a0070363404
040 _aDLC
_cDLC
_dDLC
050 0 0 _aRJ411
_b.L36
060 _aWS300 L297p
082 0 0 _aWS300 L297p 1980
100 1 _aLanzkowsky, Philip,
_d1932-
_94381
245 1 0 _aPediatric hematology-oncology :
_ba treatise for the clinician /
_cPhilip Lanzkowsky.
260 _aNew York :
_bMcGraw-Hill,
_cc1980.
300 _axii, 432 p. :
_bill. ;
_c25 cm.
504 _aIncludes bibliographical references and index.
650 0 _aPediatric hematology.
_94382
650 0 _aTumors in children.
_93628
650 2 _aHematologic diseases
_xIn infancy and childhood.
_94383
650 2 _aNeoplasms
_xIn infancy and childhood.
_94384
906 _a7
_bcbc
_corignew
_d1
_eocip
_f19
_gy-gencatlg
942 _2z
_cSLOAN
999 _c1658
_d1658